000 00286nam a22001337a 4500
008 180918b xxu||||| |||| 00| 0 eng d
020 _a0815182619
041 _aeng
080 _a610
100 _a6
101 _aANE
245 _aAdvancex Anesthesia
_cBarash.s
942 _2udc
_cBK
999 _c47941
_d47941